Catálogo público

Determinación del nivel de reutilización del arroz bajo condiciones de fermentación sólida para la producción de conidios de Metarhizium robertsii xoch- 8.1 y Trichoderma asperellum Th- Th4 ( 3 ) en ciclos sucesivos de producción / (Record no. 220028)

MARC details
000 -CABECERA
campo de control de longitud fija 03147nam a2200325 4500
003 - IDENTIFICADOR DEL NÚMERO DE CONTROL
campo de control OSt
005 - FECHA Y HORA DE LA ÚLTIMA TRANSACCIÓN
campo de control 20240729170034.0
008 - DATOS DE LONGITUD FIJA--INFORMACIÓN GENERAL
campo de control de longitud fija 240626s2021 mx ad||fom||| 001 0 spa d
040 ## - FUENTE DE LA CATALOGACIÓN
Normas de descripción rda
100 1# - ENTRADA PRINCIPAL--NOMBRE DE PERSONA
9 (RLIN) 189275
Nombre de persona Cando Narváez, Areli
245 10 - MENCIÓN DE TÍTULO
Título Determinación del nivel de reutilización del arroz bajo condiciones de fermentación sólida para la producción de conidios de Metarhizium robertsii xoch- 8.1 y Trichoderma asperellum Th- Th4 ( 3 ) en ciclos sucesivos de producción /
Mención de responsabilidad, etc. por Areli Cando Narváez; director Oscar Morales Galván; secretario Octavio Loera Corral; vocal Jazmin Edith Méndez Hernández; suplente José Ulises García Romero; suplente José Manuel Cambrón Crisantos
264 #1 - PRODUCCIÓN, PUBLICACIÓN, DISTRIBUCIÓN, FABRICACIÓN Y COPYRIGHT
Producción, publicación, distribución, fabricación y copyright Chapingo, México :
Nombre del de productor, editor, distribuidor, fabricante El autor,
Fecha de producción, publicación, distribución, fabricación o copyright 2021.
300 ## - DESCRIPCIÓN FÍSICA
Extensión 1 recurso en línea (43 páginas):
Otras características físicas Ilustraciones. cuadros. gráficas, tablas
336 ## - TIPO DE CONTENIDO
Fuente rdacontent
Término de tipo de contenido texto
Código de tipo de contenido txt
337 ## - TIPO DE MEDIO
Fuente rdamedia
Nombre/término del tipo de medio computadora
Código del tipo de medio c
338 ## - TIPO DE SOPORTE
Fuente rdacarrier
Nombre/término del tipo de soporte recurso en línea
Código del tipo de soporte cr
502 ## - NOTA DE TESIS
Tipo de título Ingeniero Agrónomo Especialista en Parasitología Agrícola
Nombre de la institución que otorga el título Departamento de Enseñanza, Investigación y Servicio en Parasitología Agrícola,
Año de obtención del título 2021.
Información miscelánea Licenciatura
504 ## - NOTA DE BIBLIOGRAFÍA, ETC.
Nota de bibliografía, etc. Incluye referencias bibliográficas: páginas 38-43
520 ## - SUMARIO, ETC.
Sumario, etc. En la actualidad, es fundamental producir bioplaguicidas baratos y de buena calidad <br/>para competir con los productos existentes en el mercado, principalmente con productos <br/>químicos. Por ello, el objetivo de este trabajo fue determinar la factibilidad de reutilizar el <br/>arroz que se genera al final de un ciclo de producción de conidios de Trichoderma <br/>asperellum Th-Th4 (3) y Metarhizium robertsii Xoch-8.1, en sucesivos ciclos de <br/>producción, utilizando arroz como sustrato / soporte. En el caso de T. asperellum Th-Th4 <br/>(3), se realizaron tres ciclos de producción en 8 días, es decir, se logró reutilizar dos <br/>veces el sustrato y se tuvo una producción total acumulada de 5.0 x 109 con / gssi. En <br/>tanto, en el caso de M. robertsii Xoch-8.1, se lograron cuatro ciclos de producción en un <br/>período de 28 días, reutilizando tres veces el sustrato, y se reportó una producción <br/>acumulada de 4.0 x 10 9 con / gssi. Asimismo, la productividad más alta fue de 1.4 x 10<br/>9 y 2.3 x 108 con/gssi ۔d reportada en los ciclos 2 y 3, respectivamente. Por otro lado, se <br/>estimó el porcentaje de viabilidad de los conidios después de cada ciclo de producción y<br/>ambos hongos estuvieron por encima del 50% en todos los casos. Con base en los <br/>resultados, se propone que la reutilización del arroz es una técnica fácil de adoptar, que <br/>mantiene la calidad de los conidios y reduce los costos de producción<br/>
650 #4 - PUNTO DE ACCESO ADICIONAL DE MATERIA--TÉRMINO DE MATERIA
9 (RLIN) 7680
Término de materia o nombre geográfico como elemento de entrada Arroz como sustrato
650 #4 - PUNTO DE ACCESO ADICIONAL DE MATERIA--TÉRMINO DE MATERIA
9 (RLIN) 27580
Término de materia o nombre geográfico como elemento de entrada Control biológico de hongos
650 #7 - PUNTO DE ACCESO ADICIONAL DE MATERIA--TÉRMINO DE MATERIA
9 (RLIN) 188625
Término de materia o nombre geográfico como elemento de entrada Hongos entomopatógenos
Subdivisión general Aprovechamiento
700 1# - PUNTO DE ACCESO ADICIONAL--NOMBRE DE PERSONA
9 (RLIN) 78271
Nombre de persona Morales Galván, Oscar
Término indicativo de función/relación director
700 1# - PUNTO DE ACCESO ADICIONAL--NOMBRE DE PERSONA
9 (RLIN) 189277
Nombre de persona Loera Corral, Octavio
Término indicativo de función/relación secretario
700 1# - PUNTO DE ACCESO ADICIONAL--NOMBRE DE PERSONA
9 (RLIN) 189278
Nombre de persona Méndez Hernández, Jazmin Edith
Término indicativo de función/relación vocal
700 1# - PUNTO DE ACCESO ADICIONAL--NOMBRE DE PERSONA
9 (RLIN) 46550
Nombre de persona García Romero, José Ulises
Término indicativo de función/relación suplente
700 1# - PUNTO DE ACCESO ADICIONAL--NOMBRE DE PERSONA
9 (RLIN) 17825
Nombre de persona Cambrón Crisantos, José Manuel
Término indicativo de función/relación suplente
856 ## - LOCALIZACIÓN Y ACCESO ELECTRÓNICOS
Identificador Uniforme del Recurso http://10.13.5.2/tesis/tl/2021_PA_Cando_Narvaez_Areli.pdf
Nota pública DESCARGAR PDF
942 ## - ELEMENTOS DE PUNTO DE ACCESO ADICIONAL (KOHA)
Fuente del sistema de clasificación o colocación Clasificación Universidad Autónoma Chapingo
Tipo de ítem Koha Tesis digital
Holdings
Estado de retiro Estado de pérdida Fuente del sistema de clasificación o colocación Estado dañado Restricciones de uso No para préstamo Código de colección Localización permanente Ubicación/localización actual Ubicación en estantería Fecha de adquisición Total de préstamos Signatura topográfica completa Fecha visto por última vez Precio válido a partir de Tipo de ítem Koha
    Clasificación Universidad Autónoma de Chapingo   Préstamo interno   Tesis digitales de Licenciatura Biblioteca Digital Biblioteca Digital En línea 26/06/2024   Tesis digital 26/06/2024 26/06/2024 Tesis digital